[Event "Arco op 42nd"]
[Site "Arco"]
[Date "2020.10.18"]
[Round "9.24"]
[White "Poschadel, Andreas Gregor"]
[Black "Necesito, Donald"]
[Result "1/2-1/2"]
[WhiteElo "1946"]
[BlackElo "1779"]
[PlyCount "57"]
[EventDate "2020.10.10"]
[EventType "swiss"]
[EventRounds "9"]
[EventCountry "ITA"]
[SourceTitle "CBM 198 Extra"]
[Source "ChessBase"]
[SourceDate "2020.11.30"]
[SourceVersion "1"]
[SourceVersionDate "2020.11.30"]
[SourceQuality "1"]

1. e4 c5 2. Nc3 e6 3. Nge2 Nc6 4. g3 Nf6 5. Bg2 a6 6. d3 Be7 7. 0-0 Rb8 8. f4 d6 9. h3 Qc7 10. Be3 b5 11. g4 Bb7 12. Ng3 0-0 13. g5 Ne8 14. Qg4 f5 15. exf5 exf5 16. Nxf5 Bc8 17. Nd5 Bxf5 18. Nxc7 Bxg4 19. Nxe8 Bd7 20. Nc7 Nb4 21. Rf2 Bd8 22. Nd5 Nxd5 23. Bxd5+ Kh8 24. Kg2 Ba5 25. c3 Rbe8 26. Rf3 Bd8 27. Re1 h6 28. h4 Bf5 29. d4 1/2-1/2